Catálogo

EL ESPAÑOL ANTE EL AMERINDIO : (Registro nro. 11986)

Detalles MARC
000 -LEADER
fixed length control field 00561nam a2200193 a 4500
001 - CONTROL NUMBER
control field 11986
005 - DATE AND TIME OF LATEST TRANSACTION
control field 20180713200214.0
008 - FIXED-LENGTH DATA ELEMENTS--GENERAL INFORMATION
fixed length control field 140415s1993 mx 000 0 spa d
041 ## - LANGUAGE CODE
Language code of text/sound track or separate title spa
082 ## - DEWEY DECIMAL CLASSIFICATION NUMBER
Classification number 970.015
Item number ALV
100 1# - MAIN ENTRY--PERSONAL NAME
Personal name ALVEAR ACEVEDO, CARLOS
245 13 - TITLE STATEMENT
Title EL ESPAÑOL ANTE EL AMERINDIO :
Remainder of title UN CASO DE CONCIENCIA
250 ## - EDITION STATEMENT
Edition statement 1a ed.
260 ## - PUBLICATION, DISTRIBUTION, ETC.
Place of publication, distribution, etc. MEXICO :
Name of publisher, distributor, etc. JUS,
Date of publication, distribution, etc. 1993
300 ## - PHYSICAL DESCRIPTION
Extent 358
490 ## - SERIES STATEMENT
Series statement HISTORIA
650 14 - SUBJECT ADDED ENTRY--TOPICAL TERM
Topical term or geographic name entry element AMERICA LATINA
General subdivision DESCUBRIMIENTOS Y EXPLORACIONES
700 1# - ADDED ENTRY--PERSONAL NAME
Personal name GARCIA Y STAHL. MA. DEL CONSUELO
Relator term coaut.
Existencias
Withdrawn status Lost status Source of classification or shelving scheme Damaged status Not for loan Collection code Home library Current library Shelving location Date acquired Source of acquisition Inventory number Total Checkouts Full call number Barcode Date last seen Price effective from Koha item type
    Dewey Decimal Classification     General Biblioteca Karol Wojtyla Biblioteca Karol Wojtyla Sala general 03/12/2013 Compra 151000000000000000035798   970.015 ALV 27712 05/01/2026 03/12/2013 Libro